000 00345nam a22001217a 4500
008 260429b |||||||| |||| 00| 0 eng d
082 _a001965
100 _aShri Vishvesha Tirtha Samshodhana Kendra,
245 _aVishnutatva Nirnayasara
260 _aBengaluru
_bShri Vishvesha Tirtha Samshodhana Kendra,
_c2023
300 _a288p
942 _2ddc
999 _c1353
_d1353